Normal view
MARC view
- Cropper, Cuthbert
Entry Personal Name
001 - CONTROL NUMBER
- control field: 110824
003 - CONTROL NUMBER IDENTIFIER
- control field: NUST
005 - DATE AND TIME OF LATEST TRANSACTION
- control field: 20230321120859.0
008 - FIXED-LENGTH DATA ELEMENTS
- fixed length control field: 230321|| aca||aabn | a|a d
040 ## - CATALOGING SOURCE
- Original cataloging agency: NUST
- Transcribing agency: NUST
100 ## - HEADING--PERSONAL NAME
- Personal name: Cropper, Cuthbert
670 ## - SOURCE DATA FOUND
- Source citation: Work cat.: (NUST)185931: Cropper, Cuthbert, Book-keeping and accounts :, 1945.
